| 000 | 01064nam a2200361 b 4500 | ||
|---|---|---|---|
| 001 | 0000594 | ||
| 003 | DO-SdBNP | ||
| 005 | 20230526124259.0 | ||
| 007 | 0000594 | ||
| 008 | 040607s 2011 sp ||| ||spa | ||
| 017 |
_a _b |
||
| 020 | _a9788466319126 | ||
| 035 | _a | ||
| 040 |
_aBPMSU _bspa _cBPMSU _e |
||
| 082 | 4 |
_a920 _bP923A 2011 _222 |
|
| 100 | _aAnónimo | ||
| 130 | 0 |
_aGo Ask Alice _lEspañol |
|
| 245 | 1 | 0 |
_aPregúntale a Alicia / _canónimo ; traducción de Teresa Pàmies _h |
| 246 | 1 | 4 |
_aPregúntale a Alicia _bla historia de una chica atrapada en el mundo de las drogas |
| 250 | _a4a. ed. | ||
| 260 |
_aMadrid : _bSantillana ediciones generales, _c2011. |
||
| 300 |
_a203 p. ; _c19 cm |
||
| 490 | 0 |
_aPunto de lectura, _v236 / 1 |
|
| 590 | _6Inventariado, 2023/VM | ||
| 650 | 4 |
_aDiarios _2 |
|
| 650 | 4 | _aDrogas alucinógenas | |
| 650 | 4 | _aAbuso de drogas | |
| 650 | 4 | _aRelatos personales | |
| 700 | 1 |
_aPámies, Teresa _d1919-2012 |
|
| 900 | _e | ||
| 910 | _aYLockward/ VMateo V. Control de calidad (BPMSU) | ||
| 942 |
_2ddc _cBK |
||
| 999 |
_c11115 _d11115 |
||